000
00283nam a22001217a 4500
020
_a
0-220-66281-3
082
_a
651.3 WAL'O
100
_a
WALLEY, B. H
_9
76322
245
_a
OFFICE ADMINSITARTION HANDBOOK
260
_a
LONDON
_b
BUSINESS BOOKS
_c
1975
300
_a
470P
942
_c
BK
999
_c
581716
_d
581716